| 000 | 00922cam a2200193 i 4500 | ||
|---|---|---|---|
| 005 | 20260423121035.0 | ||
| 008 | 250721s2023 ua gr 000 0 ara d | ||
| 082 | 1 | 4 |
_a418.2/ _bم ح م |
| 100 | 1 |
_aمحمود، محمد _eالمؤلف. |
|
| 245 | 1 | 0 |
_aاخطاء الكتابة الاكاديمية في الرسائل والاطروحات العلمية : _bنماذج واقعية.... رؤية تحليلية تقويمية / _cتأليف الدكتور محمد فاروق حمدي محمود ؛ مراجعة أ.د علي حسن أحمد عبدالله ؛ أ.د رجب محمود أحمد سليمان. |
| 264 | 3 | 1 |
_aعمان : _bدار شهرزاد، _c2023. |
| 300 | _a486 صفحة. | ||
| 650 | 1 | 7 | _aاللغة العربية. |
| 650 | 1 | 7 | _aالرسائل العلمية. |
| 650 | 1 | 7 | _aالاسلوب الادبي. |
| 650 | 1 | 7 | _aالكتابة. |
| 942 |
_2ddc _cBK |
||
| 999 |
_c145103 _d145103 |
||